Мировоззренческая функция социалистической обрядности

Detalles Bibliográficos
Autor Principal: Романова Н. С. Надежда Сергеевна
Autor Corporativo: Академия наук Украинской ССР (АН УССР) Институт философии
Summary:Исключено из фонда НТБ ТПУ
Idioma:ruso
Publicado: Киев, Наукова думка, 1987
Formato: MixedMaterials Libro
KOHA link:https://koha.lib.tpu.ru/cgi-bin/koha/opac-detail.pl?biblionumber=258771

MARC

LEADER 00000nam0a2200000 4500
001 258771
005 20231031220349.0
020 |a RU  |b 88-6814 
035 |a (RuTPU)RU\TPU\book\281659 
090 |a 258771 
100 |a 20140428d1987 k y0rusy5003 ca 
101 0 |a rus 
102 |a UA 
105 |a y z 001zy 
200 1 |a Мировоззренческая функция социалистической обрядности  |f Н. С. Романова  |g Академия наук Украинской ССР (АН УССР), Институт философии 
210 |a Киев  |c Наукова думка  |d 1987 
215 |a 87 с. 
333 |a Исключено из фонда НТБ ТПУ 
700 1 |a Романова  |b Н. С.  |g Надежда Сергеевна 
712 0 2 |a Академия наук Украинской ССР (АН УССР)  |b Институт философии 
801 0 |a RU  |b RuMRKP  |c 19950417  |g psbo 
801 1 |a RU  |b 63413507  |c 20140428 
801 2 |a RU  |b 63413507  |c 20220311  |g RCR 
942 |c BK